Sports Quiz

Random Sports or NFL Quiz

NFL QBs 2012-2013 on roster Quiz Stats

 Plays Quiz not verified by Sporcle

Challenge
Share
Tweet
Embed
Score 0/95 Timer 13:00
0 Plays Today
Team QB % Correct
New England PatriotsTom Brady
97.4%
Denver BroncosPeyton Manning
96.5%
New York GiantsEli Manning
96.2%
Baltimore RavensJoe Flacco
96.1%
San Francisco 49ersAlex Smith
95.5%
Green Bay PackersAaron Rodgers
95.2%
Buffalo BillsRyan Fitzpatrick
94.9%
New York JetsMark Sanchez
94.9%
Tennessee TitansRusty Smith
94.4%
Atlanta FalconsMatt Ryan
94.3%
Detroit LionsMatthew Stafford
94.1%
Cincinnati BengalsAndy Dalton
93.5%
Oakland RaidersCarson Palmer
93.3%
Carolina PanthersCam Newton
92.9%
New Orleans SaintsDrew Brees
92.7%
Kansas City ChiefsMatt Cassel
92.6%
Seattle SeahawksRussell Wilson
92.1%
Indianapolis ColtsAndrew Luck
91.4%
Jacksonville JaguarsJordan Palmer
91.4%
Miami DolphinsRyan Tannehill
91.2%
Jacksonville Jaguars (Practice Squad)John Parker Wilson
90.9%
Houston TexansMatt Schaub
90.6%
Washington RedskinsRobert Griffin III
90.6%
Minnesota VikingsChristian Ponder
90.5%
Philadelphia EaglesMichael Vick
90.3%
Chicago BearsJay Cutler
90.2%
New York JetsTim Tebow
90%
Pittsburgh SteelersBen Roethlisberger
89.9%
Jacksonville JaguarsChad Henne
88%
St. Louis RamsSam Bradford
87.9%
Tennessee TitansJake Locker
87.7%
Tampa Bay BuccaneersJosh Freeman
87.6%
Team QB % Correct
San Diego ChargersPhillip Rivers
87.4%
Jacksonville Jaguars (Injured Reserve)Blaine Gabbert
87%
Tennessee TitansMatt Hasselbeck
86.5%
Cleveland BrownsBrandon Weeden
85.9%
Seattle SeahawksMatt Flynn
85.6%
Dallas CowboysTony Romo
85%
San Francisco 49ersColin Kaepernick
84.7%
Arizona CardinalsKevin Kolb
83.2%
Pittsburgh SteelersCharlie Batch
80.9%
Kansas City ChiefsBrady Quinn
79.6%
Philadelphia EaglesNick Foles
79.3%
Chicago BearsJason Campbell
79.3%
Miami DolphinsMatt Moore
78.8%
Arizona CardinalsJohn Skelton
78.8%
Buffalo BillsTarvaris Jackson
78.5%
Detroit LionsKellen Moore
78.4%
Pittsburgh SteelersByron Leftwich
78.1%
Cleveland BrownsColt McCoy
77.3%
Dallas CowboysKyle Orton
74.9%
New England PatriotsRyan Mallett
69.7%
Houston TexansT.J. Yates
67.8%
New York GiantsDavid Carr
63.5%
Washington RedskinsRex Grossman
61.6%
Washington RedskinsKirk Cousins
60.7%
Carolina PanthersJimmy Clausen
60.1%
Detroit LionsShaun Hill
57.3%
Minnesota VikingsJoe Webb
56.3%
Oakland RaidersMatt Leinart
55.4%
New Orleans SaintsChase Daniel
54.6%
New York JetsGreg McElroy
53.1%
Baltimore RavensTyrod Taylor
52%
Denver BroncosBrock Osweiler
51.9%
Team QB % Correct
Cincinnati BengalsBruce Gradkowski
51.7%
Carolina PanthersDerek Anderson
51.3%
Chicago BearsJosh McCown
50.7%
Atlanta FalconsLuke McCown
50.5%
San Diego ChargersCharlie Whitehurst
46.4%
Baltimore Ravens (Practice Squad)Dennis Dixon
46.1%
Tampa Bay BuccaneersDan Orlovsky
45.7%
Philadelphia EaglesTrent Edwards
45.5%
Oakland RaidersTerrelle Pryor
45.4%
Arizona CardinalsRyan Lindley
41.9%
Buffalo BillsTyler Thigpen
41.5%
Pittsburgh SteelersBrian Hoyer
41.1%
Green Bay PackersGraham Harrell
41%
Indianapolis ColtsDrew Stanton
39.3%
St. Louis RamsKellen Clemens
39%
Denver BroncosCaleb Hanie
36.2%
Atlanta FalconsDominique Davis
25.6%
St. Louis RamsAustin Davis
25.6%
Cleveland Browns (Practice Squad)Thaddeus Lewis
21.5%
Kansas City ChiefsRicky Stanzi
20.3%
Houston Texans (Practice Squad)Case Keenum
14.5%
San Francisco 49ersScott Tolzien
13.8%
Miami DolphinsPat Devlin
13.5%
Cincinnati Bengals (Practice Squad)Zac Robinson
10.7%
Indianapolis Colts (Practice Squad)Chandler Harnish
9.7%
Green Bay Packers (Practice Squad)B.J. Coleman
9.1%
Minnesota VikingsMcleod Bethel-Thompson
5.6%
Seattle Seahawks (Practice Squad)Josh Portis
3.6%
Kansas City Chiefs (Injured Reserve)Alex Tanney
3.2%
Tampa Bay Buccaneers (Practice Squad)Adam Weber
3%
Chicago Bears (Practice Squad)Matt Blanchard
1.4%

You're not logged in!

Compare scores with friends on all Sporcle quizzes.
Join for Free
OR
Log In

You Might Also Like...

Show Comments

Extras

Top Quizzes Today


Score Distribution

Your Account Isn't Verified!

In order to create a playlist on Sporcle, you need to verify the email address you used during registration. Go to your Sporcle Settings to finish the process.

Report this User

Report this user for behavior that violates our Community Guidelines.

Details: